000 01170cam a2200241 i 4500
001 18847473
005 20260121045724.0
008 151106s2016 ilu b 001 0 eng
010 _a 2015043809
020 _a9780252081736
_q(pbk.)
082 _a342.730858 FIE
100 1 _aFields, Sarah K.
245 1 0 _aGame faces :
_bsport celebrity and the laws of reputation /
_cSarah K. Fields
264 1 _aUrbana :
_bUniversity of Illinois Press,
_c2016.
300 _axxii, 187 p. ;
_c24 cm.
490 0 _aSport and society
505 0 _aThe history of celebrity and the laws -- Lies, libel, and football : coaches as public figures -- Stop the press : a baseball legend and biography -- Super bowl icon or marketing tool? -- Owning a face : publicity and advertising -- Art versus image : the First Amendment versus the right of publicity -- What's in a name? comic books and hockey.
650 0 _aCelebrities
_xLegal status, laws, etc.
_zUnited States
_vCases.
650 0 _aPublicity (Law)
_zUnited States
_vCases.
650 0 _aPhotographs
_xLaw and legislation
_zUnited States
_vCases.
650 0 _aFreedom of the press
_zUnited States
_vCases.
942 _2ddc
_cBK
999 _c111803
_d111803